000 00407pab a2200145 454500
008 180718b1990 xxu||||| |||| 00| 0 eng d
100 _aBhattacharyay, Biswa N.
245 _aMoney and income in India
_bApplication of time domain causality test
260 _c1990
300 _a36-51
362 _aOct.,Mar.
650 _aMoney
773 _aNational Council of Applied Economic Research
909 _a14151
999 _c14151
_d14151